Gurindam dua belas (Record no. 3972)

000 -LEADER
fixed length control field nam a22 a 4500
005 - DATE AND TIME OF LATEST TRANSACTION
control field 20170524131345.0
008 - FIXED-LENGTH DATA ELEMENTS--GENERAL INFORMATION
fixed length control field 170524b2003 io ||||| |||| 00| 0 ind d
020 ## - INTERNATIONAL STANDARD BOOK NUMBER
International Standard Book Number 9798692977
020 ## - INTERNATIONAL STANDARD BOOK NUMBER
International Standard Book Number 9789798692970
040 ## - CATALOGING SOURCE
Original cataloging agency AKMAL
082 04 - DEWEY DECIMAL CLASSIFICATION NUMBER
Classification number 899.2213 RAJ
090 ## - LOCALLY ASSIGNED LC-TYPE CALL NUMBER (OCLC); LOCAL CALL NUMBER (RLIN)
Classification number (OCLC) (R) ; Classification number, CALL (RLIN) (NR) 899.2213
Local cutter number (OCLC) ; Book number/undivided call number, CALL (RLIN) RAJ
100 0# - MAIN ENTRY--PERSONAL NAME
Personal name Ali al-Haji Riau,
Dates associated with a name 1809-1870.
9 (RLIN) 7795
245 10 - TITLE STATEMENT
Title Gurindam dua belas
Statement of responsibility, etc. gubahan Raja Ali Haji.
250 ## - EDITION STATEMENT
Edition statement Cet. 1
260 ## - PUBLICATION, DISTRIBUTION, ETC.
Place of publication, distribution, etc. Pekanbaru :
Name of publisher, distributor, etc. Unri Press
Date of publication, distribution, etc. 2003.
300 ## - PHYSICAL DESCRIPTION
Extent 12 p. ;
Dimensions 21cm
500 ## - GENERAL NOTE
General note Poems.
599 ## - LOCAL NOTE
Local Note DALAM PROSES
650 #0 - SUBJECT ADDED ENTRY--TOPICAL TERM
Topical term or geographic name entry element Poems.
9 (RLIN) 7684
650 #0 - SUBJECT ADDED ENTRY--TOPICAL TERM
Topical term or geographic name entry element Indonesian literature
General subdivision Poetry
Chronological subdivision 19th century.
9 (RLIN) 7796
852 41 - LOCATION
Location British Library
Sublocation or collection OC
942 ## - ADDED ENTRY ELEMENTS (KOHA)
Source of classification or shelving scheme
Koha item type Book
Holdings
Withdrawn status Lost status Source of classification or shelving scheme Damaged status Not for loan Collection code Home library Current library Shelving location Date acquired Inventory number Total Checkouts Full call number Barcode Date last seen Price effective from Koha item type
          FICTION AKMAL Melaka AKMAL Melaka PINJAMAN 24.05.2017 800582   899.2213 RAJ 201705183 24.05.2017 24.05.2017 Book
          FICTION AKMAL Melaka AKMAL Melaka PINJAMAN 24.05.2017 800583   899.2213 RAJ 201705184 24.05.2017 24.05.2017 Book
          FICTION AKMAL Melaka AKMAL Melaka PINJAMAN 24.05.2017 800584   899.2213 RAJ 201705185 24.05.2017 24.05.2017 Book
Pusat Sumber Maklumat Dato' Haji Sarmin Md Hussin, Akademi Kastam Diraja Malaysia, Melaka
Tel: 06-2331106 | Faks: 06-2313787